Statistics for Countries with embassies and consulates in Burundi

Click here to take the quiz!

General Stats

  • This quiz has been taken 25 times
  • The average score is 15 of 18

Answer Stats

Continent Country % Correct
EuropeFrance
100%
AfricaTanzania
100%
AfricaSouth Africa
100%
North AmericaUnited States of America
95%
AfricaEgypt
95%
EuropeGermany
95%
Asia/ EuropeRussia
95%
AfricaRwanda
91%
AfricaKenya
91%
AsiaChina
91%
EuropeBelgium
86%
EuropeVatican City
86%
Europethe Netherlands
86%
AfricaUganda
82%
AfricaLibya
77%
AfricaNigeria
73%
EuropeUnited Kingdom
59%
AfricaD. R. Congo
14%

Score Distribution

Percentile by Number Answered

Percent of People with Each Score

Your Score History

You have not taken this quiz